<?xml version="1.0" encoding="UTF-8"?>
<record
    xmlns:xsi="http://www.w3.org/2001/XMLSchema-instance"
    xsi:schemaLocation="http://www.loc.gov/MARC21/slim http://www.loc.gov/standards/marcxml/schema/MARC21slim.xsd"
    xmlns="http://www.loc.gov/MARC21/slim">

  <leader>01074nam a2200193Ia 4500</leader>
  <controlfield tag="008">120626s2010    mx            000 0 spa d</controlfield>
  <datafield tag="020" ind1=" " ind2=" ">
    <subfield code="a">9786077956013</subfield>
  </datafield>
  <datafield tag="050" ind1=" " ind2=" ">
    <subfield code="a">N71 M49 2010</subfield>
  </datafield>
  <datafield tag="110" ind1=" " ind2=" ">
    <subfield code="a">Instituto Nacional de las personas adultas mayores (M&#xE9;xico)</subfield>
    <subfield code="9">35271</subfield>
  </datafield>
  <datafield tag="245" ind1=" " ind2=" ">
    <subfield code="a">Ejes rectores de la pol&#xED;tica p&#xFA;blica nacional a favor de las personas adultas mayores</subfield>
    <subfield code="c">/ Instituto Nacional de las personas adultas mayores INAPAM</subfield>
  </datafield>
  <datafield tag="260" ind1=" " ind2=" ">
    <subfield code="a">Mexico </subfield>
    <subfield code="b">: INAPAM</subfield>
    <subfield code="c">2010</subfield>
  </datafield>
  <datafield tag="300" ind1=" " ind2=" ">
    <subfield code="a">88 p&#xE1;ginas </subfield>
    <subfield code="b">: ilustraciones</subfield>
  </datafield>
  <datafield tag="336" ind1=" " ind2=" ">
    <subfield code="a">Texto</subfield>
  </datafield>
  <datafield tag="505" ind1=" " ind2=" ">
    <subfield code="a">Introducci&#xF3;n
1.- Los cinco ejes rectores. --- 2.- Pol&#xED;ticas y programas de INAPAM a favor de las personas adultas mayores. --- 3.- Recomendaciones de pol&#xED;ticas p&#xFA;blicas a favor de las personas adultas mayores.--- 4.- Indicadores de seguimiento de las  pol&#xED;ticas p&#xFA;blicas a favor de las personas adultas mayores. 
Consideraciones finales 
Bibliograf&#xED;a</subfield>
  </datafield>
  <datafield tag="519" ind1=" " ind2=" ">
    <subfield code="a">Material complementario</subfield>
    <subfield code="d">(11 012960)</subfield>
  </datafield>
  <datafield tag="650" ind1=" " ind2=" ">
    <subfield code="a">PERSONAS MAYORES</subfield>
    <subfield code="x">POL&#xCD;TICAS P&#xDA;BLICAS</subfield>
    <subfield code="z">M&#xC9;XICO</subfield>
    <subfield code="9">35272</subfield>
  </datafield>
  <datafield tag="650" ind1=" " ind2=" ">
    <subfield code="a">ANCIANOS </subfield>
    <subfield code="9">35273</subfield>
  </datafield>
  <datafield tag="942" ind1=" " ind2=" ">
    <subfield code="c">LB</subfield>
  </datafield>
  <datafield tag="952" ind1=" " ind2=" ">
    <subfield code="0">0</subfield>
    <subfield code="1">0</subfield>
    <subfield code="2">lcc</subfield>
    <subfield code="4">0</subfield>
    <subfield code="7">0</subfield>
    <subfield code="a">11</subfield>
    <subfield code="b">11</subfield>
    <subfield code="d">2016-05-19</subfield>
    <subfield code="l">0</subfield>
    <subfield code="o">N71 M49 2010</subfield>
    <subfield code="p">11 012960</subfield>
    <subfield code="r">2016-05-19</subfield>
    <subfield code="t">1</subfield>
    <subfield code="w">2016-05-19</subfield>
    <subfield code="y">LB</subfield>
  </datafield>
  <datafield tag="999" ind1=" " ind2=" ">
    <subfield code="c">71971</subfield>
    <subfield code="d">71971</subfield>
  </datafield>
</record>
